000 00310nam a22001337a 4500
008 170929b xxu||||| |||| 00| 0 eng d
020 _a9781593853914
041 _aeng
080 _a37
100 _a47
101 _aEDU
245 _aBEST PRACTICES IN LITERACY INSTRUCTION
_cGAMBRELL, L.B
942 _2udc
_cBK
999 _c30844
_d30844